000 01590nam0a22003371 4500
001 v19\rc\1552576
005 20250618201354.0
035 _a(NLR Aleph) 004690503
090 _a3928305
_c3928305
100 _a20060620d1893 |||y0rusy50 ca
101 1 _arus
_cpol
102 _aRU
105 _ay z |||||
200 1 _aЧудеса, совершившиеся в Киево-Печерской лавре, по свидетельству иеромонаха оной, Афанасия Кальнофойского, изложенные в книге "Тератургим", им же составленной и напечатанной в типографии Киево-Печерской Лавры в 1638 году
_f[Пер. с пол. свящ. Вас. Антонов]
210 _aКиев
_cтип. Киево-Печ. Усп. лавры
_d1893
215 _a48 с.
_d22
300 _aПер. указан в конце текста
700 0 _7ca
_8rus
_aАфанасий Кальнофойский
_cмонах Киево-Печерского монастыря
_f1-ая пол. 17 в.
_9230528
_3RU\NLR\AUTH\770230584
702 1 _aАнтонов
_bВ. Г.
_gВасилий Григорьевич
_4730
712 0 2 _aКиево-Печерская лавра
801 0 _aRU
_bNLR
_gpsbo
801 0 _aRU
_bRuMoRGB
_2psbo
801 1 _aRU
_bProSoft-M
_2rusmarc
852 _aNLR
_j20.97.4.6
852 _aNLR
_j18.226.8.67
899 _aRuMoRGB
_jA 238/197
899 _aRuMoRGB
_jПриплет к D 57/297
899 _aБАН
942 _cBOOK
980 _aNB